000 00860nam0a22002651 4500
001 rc\3001946
005 20250806200653.0
035 _a(NLR Aleph) 007145033
090 _a63534
_c63534
100 _a20110920d1941 u y0rusy50 ca
101 0 _arus
102 _aRU
105 _ay z |||||
200 1 _aЛитературная Кубань
_eЛит.-худож. сборник
_f[Отв. ред. Н. Даллада и П.К. Иншаков]
210 _aСталинград
_cКраев. книгоизд-во
_d1941
215 _a96 с.
_d19 см
702 1 _aДаллада
_bН.
_4340
702 1 _aИншаков
_bП.К.
_4340
801 0 _aRU
_bNLR
_gpsbo
801 1 _aRU
_bELAR
_2rusmarc
852 _aNLR
_bЛ
_j30 Г-4/26
942 _cBOOK
945 _aРоссийская национальная библиотека
980 _aNB
980 _aBV